Don't laugh we are police (Record no. 377489)

000 -LEADER
fixed length control field 00337cam a22001337a 4500
008 - FIXED-LENGTH DATA ELEMENTS--GENERAL INFORMATION
fixed length control field 180718b1995 xxu||||| |||| 00| 0 eng d
020 ## - INTERNATIONAL STANDARD BOOK NUMBER
International Standard Book Number 8122003974
082 ## - DEWEY DECIMAL CLASSIFICATION NUMBER
Classification number N4x54 V869
100 ## - MAIN ENTRY--PERSONAL NAME
Personal name Vohra, B.L.
245 ## - TITLE STATEMENT
Title Don't laugh we are police
Statement of responsibility, etc. by B.L. Vohra
260 ## - PUBLICATION, DISTRIBUTION, ETC.
Place of publication, distribution, etc. Delhi
Name of publisher, distributor, etc. Konark
Date of publication, distribution, etc. 1995
300 ## - PHYSICAL DESCRIPTION
Extent 157p.
650 ## - SUBJECT ADDED ENTRY--TOPICAL TERM
Topical term or geographic name entry element Police - India
Holdings
Withdrawn status Lost status Damaged status Not for loan Permanent Location Current Location Date acquired Full call number Barcode Date last seen Price effective from Koha item type
        Indian Institute of Public Administration Indian Institute of Public Administration 1995-09-15 N4x54 V869 69371 2018-07-21 2018-07-21 Book

Powered by Koha